| 000 | 00510nam a2200193Ia 4500 | ||
|---|---|---|---|
| 008 | 131103s9999 xx 000 0 und d | ||
| 020 | _a571083935 | ||
| 040 | _aLoreto College | ||
| 041 | _aEnglish | ||
| 082 |
_a891.621/MON _b#NAME? |
||
| 245 | 4 |
_aThe Faber book of Irish Verse _cedited by John Montague |
|
| 260 |
_aLondon _bFaber and Faber _c1974 |
||
| 300 |
_a400 p. _c 20 cm. |
||
| 504 | _aIncludes index | ||
| 650 | _aIrish Poetry | ||
| 700 | _aMontague,John,ed. | ||
| 850 | _aLCLIB | ||
| 942 | _cBK | ||
| 999 |
_c13563 _d64042 |
||